Statistics for All Cities that Have Been the Belgian Capital City on a Map

Click here to take the quiz!

General Stats

  • This quiz has been taken 207 times
  • The average score is 8 of 12

Answers on the Map

Answers color-coded by a green-red scale on the quiz's map according to % correct below.
 

Answer Stats

Cities% Correct
Brussels
99%
London
97%
Paris
96%
La Haye
85%
Gand
79%
Bruges
78%
Lille
66%
Namur
49%
Louvain
43%
Malines
37%
Poitiers
20%
Sainte-Adresse
9%

Score Distribution

Percentile by Number Answered

Percent of People with Each Score

Your Score History

You have not taken this quiz